| 000 | 00720nam1a22002051i 4500 | ||
|---|---|---|---|
| 001 | rc\300527 | ||
| 005 | 20240723215846.0 | ||
| 035 | _a(NLR Aleph) 005630127 | ||
| 090 |
_a6568091 _c6568091 |
||
| 100 | _a20030307d1989 u |0rusy50 ca | ||
| 101 | 0 | _arus | |
| 102 | _aRU | ||
| 105 | _ay ||||||||| | ||
| 200 | 1 |
_aГладкие мышцы кровеносных сосудов _eБиблиогр. указ. ст. _e(По материалам иностр. источников) _fБ-ка АН СССР, Ин-т физиологии им. И.П. Павлова АН СССР |
|
| 210 |
_aЛ. _cБАН _d1989 |
||
| 215 | _d20 | ||
| 801 | 0 |
_aRU _bNLR _gpsbo |
|
| 801 | 1 |
_aRU _bELAR _2rusmarc |
|
| 852 |
_aNLR _bС _jК-2/4695 |
||
| 942 | _cBOOK | ||